Alle Toverland attracties - Statistics

General Stats
  • This quiz has been taken 56 times
  • The average score is 10 of 13
Answer Stats
Hint Answer % Correct
Draaiende achtbaan Dwervelwind
100%
Beste houten achtbaan van NL Troy
100%
Nieuwste achtbaan en eerste wingcoaster in NL Fenix
96%
Achtbaan op motors BoosterBike
88%
Kinderachtbaan in het eerste binnengedeelte Toos-Express
88%
Bobslee baan die je zelf bestuurd Maximus Blitz Bahn
76%
Rapid wild waterbaan Djengu River
72%
Boomstammen waterattractie Expedition Zork
72%
Lange boottocht door het nieuwe gebied Merlin's Quest
72%
Schommelschip van het park Scorpios
64%
Huis met allemaal goochel elementen Toverhuis
56%
Indoor waterglijbanen op bootjes Drakenslangen
52%
Ronddraaiend huis met leuke effecten Villa Fiasco
40%
No matching quizzes found
Score Distribution
Percent of People with Each Score
Percentile by Number Answered
Your Score History
You have not taken this quiz